000 00415cam a2200145ua 4500
041 _aeng
_h
082 _a954
_bNIK/SO
100 _aNilakanta Sastri, K A .
245 _aSources of Indian history with special reference to South India /
_cK A Nilakanta Sastri.
_hTextual Documents
260 _aMumbai :
_bAsia Publishing House ,
_c1964.
300 _a113 ; .
504 _a
942 _cBK
999 _c6216
_d6216